राजनीति विज्ञान एवं अन्तराष्ट्रीय सम्बन्ध : (Record no. 120792)
[ view plain ]
| 000 -LEADER | |
|---|---|
| fixed length control field | 01221nam a22002537a 4500 |
| 005 - DATE AND TIME OF LATEST TRANSACTION | |
| control field | 20170124103203.0 |
| 010 ## - LIBRARY OF CONGRESS CONTROL NUMBER | |
| LC control number | B-180013 |
| 020 ## - INTERNATIONAL STANDARD BOOK NUMBER | |
| Terms of availability | 155.00 |
| 035 ## - SYSTEM CONTROL NUMBER | |
| System control number | B-180013 |
| 037 ## - SOURCE OF ACQUISITION | |
| Source of stock number/acquisition | Cen Lib/Ret |
| 040 ## - CATALOGING SOURCE | |
| Original cataloging agency | DPL |
| Language of cataloging | HN |
| 082 ## - DEWEY DECIMAL CLASSIFICATION NUMBER | |
| Classification number | 320 |
| Item number | राजनी |
| 245 ## - TITLE STATEMENT | |
| Title | राजनीति विज्ञान एवं अन्तराष्ट्रीय सम्बन्ध : |
| Statement of responsibility, etc | संपादक एन.एन. ओझा |
| Remainder of title | प्रशोत्तर रूप में / |
| 246 ## - VARYING FORM OF TITLE | |
| Title proper/short title | Rajniti vigyan evam antarrashtriya sambandh / |
| Remainder of title | sampadak N.N. Ojha |
| 260 ## - PUBLICATION, DISTRIBUTION, ETC. (IMPRINT) | |
| Place of publication, distribution, etc | नई दिल्ली |
| Name of publisher, distributor, etc | क्रोनिकल बुक्स |
| Date of publication, distribution, etc | 2005 |
| 270 ## - ADDRESS | |
| City | नई दिल्ली |
| Address | बी-7, एक्स/११४ए, सफदरजंग एन्क्लेव |
| Postal code | 110029 |
| 300 ## - PHYSICAL DESCRIPTION | |
| Extent | 193पृ. |
| Dimensions | 21सेमी(सजिल्द ) |
| 650 ## - SUBJECT ADDED ENTRY--TOPICAL TERM | |
| Topical term or geographic name as entry element | राजनीति विज्ञान |
| General subdivision | |
| Geographic subdivision | |
| 9 (RLIN) | 45844 |
| 650 ## - SUBJECT ADDED ENTRY--TOPICAL TERM | |
| Topical term or geographic name as entry element | अन्तराष्ट्रीय सम्बन्ध |
| 9 (RLIN) | 6749 |
| 650 ## - SUBJECT ADDED ENTRY--TOPICAL TERM | |
| Topical term or geographic name as entry element | political Science |
| 9 (RLIN) | 92645 |
| 650 ## - SUBJECT ADDED ENTRY--TOPICAL TERM | |
| Topical term or geographic name as entry element | International relations |
| 9 (RLIN) | 92646 |
| 700 ## - ADDED ENTRY--PERSONAL NAME | |
| Personal name | ओझा, एन.एन. |
| 9 (RLIN) | 42260 |
| 942 ## - ADDED ENTRY ELEMENTS (KOHA) | |
| Source of classification or shelving scheme | Dewey Decimal Classification |
| Koha item type | Hindi Books |
| Classification part | 320 |
| Call number suffix | राजनी |
| Withdrawn status | Lost status | Damaged status | Not for loan | Home library | Current library | Date acquired | Source of acquisition | Cost, normal purchase price | Total Checkouts | Full call number | Barcode | Date last seen | Copy number | Cost, replacement price | Price effective from | Koha item type |
|---|---|---|---|---|---|---|---|---|---|---|---|---|---|---|---|---|
| Lost and Paid For | Central Library | Central Library | 28/09/2015 | Cen Lib/Ret | 155.00 | 320 राजनी | B-180013 | 28/09/2015 | 1 | 155.00 | 28/09/2015 | Hindi Books |
